[Event "POL-chT3 Kujawsko-Pomorskie 2223"]
[White "Lipowski, Adam"]
[Black "Zielinski, Tomasz1"]
[Site "Poland"]
[Round "6.44"]
[Result "1-0"]
[Date "2023.??.??"]
[WhiteElo "1240"]
[BlackElo "1180"]
[PlyCount "119"]
[EventDate "2022.11.13"]
[EventType "team-swiss"]
[EventRounds "7"]
[EventCountry "POL"]
[SourceTitle "EXT 2024"]
[Source "ChessBase"]
[SourceDate "2023.10.10"]
[SourceVersion "1"]
[SourceVersionDate "2023.10.10"]
[SourceQuality "1"]

1. e4 g6 2. d4 e6 3. Nf3 c6 4. a3 Qa5+ 5. Nc3 Bb4 6. Bd2 Be7 7. Bd3 b5 8. Nxb5 Qb6 9. Nc3 Qxb2 10. 0-0 Qb7 11. Ne2 d5 12. e5 f5 13. c4 Qa6 14. Qb3 Qb6 15. Rab1 Qxb3 16. Rxb3 dxc4 17. Bxc4 Ba6 18. Rc1 Bxc4 19. Rxc4 a5 20. Bg5 h6 21. Bd2 Bd8 22. Nf4 Kf7 23. d5 cxd5 24. Rc8 Ne7 25. Rcxb8 Bc7 26. Rxh8 Rxh8 27. Rb7 Rc8 28. g3 g5 29. Nd3 Bd8 30. Nd4 Rc4 31. Nb3 Ra4 32. Ndc5 Rxa3 33. Ra7 Bb6 34. Ra6 Nc8 35. Bxa5 Rxa5 36. Nxa5 Bxc5 37. Rc6 Bb4 38. Rc7+ Kg6 39. Nc6 Nb6 40. Nxb4 Nc4 41. Nd3 h5 42. Re7 f4 43. Rxe6+ Kf5 44. f3 Kxe6 45. gxf4 Nd2 46. Kf2 g4 47. fxg4 hxg4 48. Kg3 Kf5 49. h4 Nf1+ 50. Kf2 Nd2 51. h5 Ne4+ 52. Kg2 d4 53. Nf2 Kxf4 54. Nxe4 Kxe5 55. h6 Kxe4 56. h7 d3 57. h8Q d2 58. Qh1 Ke3 59. Qd1 Kd3 60. Kg3 1-0

[Event "POL-chT3 Kujawsko-Pomorskie 2223"]
[White "Matusiak, Marcin1"]
[Black "Lipowski, Adam"]
[Site "Poland"]
[Round "5.28"]
[Result "1-0"]
[Date "2023.??.??"]
[WhiteElo "1606"]
[BlackElo "1240"]
[PlyCount "51"]
[EventDate "2022.11.13"]
[EventType "team-swiss"]
[EventRounds "7"]
[EventCountry "POL"]
[SourceTitle "EXT 2024"]
[Source "ChessBase"]
[SourceDate "2023.10.10"]
[SourceVersion "1"]
[SourceVersionDate "2023.10.10"]
[SourceQuality "1"]

1. Nf3 d5 2. c4 d4 3. b4 Bg4 4. d3 Bxf3 5. exf3 e5 6. a3 c5 7. Qe2 Nd7 8. bxc5 Bxc5 9. g3 Ne7 10. Bg2 0-0 11. 0-0 Ng6 12. Nd2 f5 13. Rb1 Rb8 14. Nb3 Bb6 15. h4 f4 16. Bd2 fxg3 17. fxg3 Nf6 18. Bg5 Qd6 19. a4 Nh5 20. Kh2 e4 21. f4 Nxg3 22. Kxg3 h6 23. Qxe4 hxg5 24. Qd5+ Qxd5 25. Bxd5+ Kh8 26. hxg5 1-0

[Event "POL-chT3 Kujawsko-Pomorskie 2223"]
[White "Lipowski, Adam"]
[Black "Rydzynski, Marcin"]
[Site "Poland"]
[Round "1.48"]
[Result "0-1"]
[Date "2022.??.??"]
[WhiteElo "1240"]
[BlackElo "1276"]
[PlyCount "96"]
[EventDate "2022.11.13"]
[EventType "team-swiss"]
[EventRounds "7"]
[EventCountry "POL"]
[SourceTitle "EXT 2024"]
[Source "ChessBase"]
[SourceDate "2023.10.10"]
[SourceVersion "1"]
[SourceVersionDate "2023.10.10"]
[SourceQuality "1"]

1. e4 c5 2. c3 d5 3. exd5 Qxd5 4. d4 cxd4 5. Qxd4 Nf6 6. Qxd5 Nxd5 7. Bc4 Nb6 8. Bb3 Bf5 9. Bf4 Nc6 10. Nf3 e6 11. 0-0 Be7 12. Nbd2 0-0 13. Nc4 Nd5 14. Bd6 Rfd8 15. Bxe7 Ncxe7 16. Nd4 Bg6 17. Ne5 Nf5 18. Nxg6 Nxd4 19. Bxd5 exd5 20. cxd4 hxg6 21. f4 Rac8 22. Rf2 Re8 23. Kf1 Rc4 24. Rd1 Re4 25. Rfd2 Rxf4+ 26. Ke2 Kf8 27. b3 Rc7 28. Kd3 Re4 29. Rf1 Rce7 30. Rf3 f6 31. Rc2 b6 32. h3 Ke8 33. Rg3 g5 34. Rf3 g4 35. hxg4 Rxg4 36. Re3 Rge4 37. Rce2 Rxe3+ 38. Rxe3 Rxe3+ 39. Kxe3 Ke7 40. Kf4 Ke6 41. g4 b5 42. Ke3 g5 43. Kf3 b4 44. Ke3 f5 45. Kf3 fxg4+ 46. Kxg4 Kf6 47. Kg3 Kf5 48. Kf3 a6 0-1